Lego DC Characters - Statistics

General Stats
  • This quiz has been taken 122 times
    119 since last reset
  • The average score is 48 of 66
Answer Stats
Picture Answer % Correct
Batman
100%
Superman
100%
Wonder Woman
100%
Flash
98%
Joker
98%
Supergirl
98%
Aquaman
96%
Cyborg
96%
Green Lantern
96%
Robin
96%
Harley Quinn
95%
Batgirl
91%
Catwoman
91%
Bane
90%
Poison Ivy
89%
Two-Face
89%
Alfred
85%
Nightwing
85%
Penguin
85%
Green Arrow
83%
Lex Luthor
83%
Mr. Freeze
83%
Riddler
83%
Scarecrow
83%
Shazam
83%
Commissioner Gordon
79%
Man-Bat
77%
Reverse Flash
77%
Batwoman
76%
Deathstroke
76%
Beast Boy
74%
Clayface
74%
Killer Croc
74%
Starfire
74%
Blue Beetle
73%
Cheetah
73%
Deadshot
73%
Red Hood
72%
Darkseid
71%
Clark Kent
70%
Martian Manhunter
68%
Black Manta
67%
General Zod
67%
Hawkman
67%
Plastic Man
66%
Sinestro
66%
Ra's Al Ghul
65%
Captain Cold
63%
Captain Boomerang
60%
Lois Lane
60%
Firestorm
59%
Bizzaro
57%
Lobo
57%
Katana
55%
Bruce Wayne
51%
Huntress
51%
Atom
48%
Mera
48%
Ocean Master
48%
Bumblebee
46%
Black Lightning
45%
Braniac
44%
Jor-El
44%
Metamorpho
43%
Stargirl
43%
Steve Trevor
26%
No matching quizzes found
Score Distribution
Percent of People with Each Score
Percentile by Number Answered
Your Score History
You have not taken this quiz since the last reset